Bách khoa mạch điện và hướng dẫn xử lý sự cố mạch điện. T.1 /

Cuốn sách này là bộ sưu tập về mạch điện và các trình bày về mạch điện, hướng dẫn thực tiển và xử lí sự cố cho từng loại mạch điện đó....

Guardado en:
Detalles Bibliográficos
Autor principal: Trần Thế San.
Otros Autores: Nguyễn Văn Mạnh.
Formato: Libro
Lenguaje:Vietnamese
Publicado: Đà Nẵng : Nxb Đà Nẵng, 1999.
Materias:
Etiquetas: Agregar Etiqueta
Sin Etiquetas, Sea el primero en etiquetar este registro!
Thư viện lưu trữ: Mạng thư viện Đại học Đà Nẵng
LEADER 01416cam a2200385 i 4500
001 000043409
003 1376
005 20030219170654.0
008 010217|1999 vm 000 vie
020 |c 65000 
022 |a T 
040 |a IRC  |c IRC  |d IRC 
041 0 |a vie 
082 1 4 |a 621.3  |b TR-S 
100 1 |a Trần Thế San. 
245 0 0 |a Bách khoa mạch điện và hướng dẫn xử lý sự cố mạch điện.  |n T.1 /  |c Trần Thế San, Nguyễn Văn Mạnh. 
260 |a Đà Nẵng :  |b Nxb Đà Nẵng,  |c 1999. 
300 |a 557Tr. ;  |c 24cm. 
520 3 |a Cuốn sách này là bộ sưu tập về mạch điện và các trình bày về mạch điện, hướng dẫn thực tiển và xử lí sự cố cho từng loại mạch điện đó.... 
630 0 4 |a Bách khoa điện. 
630 0 4 |a Điện kỹ thuật. 
650 0 4 |a Điện  |x Kỹ thuật. 
700 1 |a Nguyễn Văn Mạnh. 
OWN |a DUT 
AVA |a UDN50  |b DUT  |c Book  |d 621.3 TR-S  |e available  |t Error 5001 Not defined in file expand_doc_bib_avail.  |f 2  |g 0  |h N  |i 0  |j SH  |k 1 
999 |a From the UDN01 
AVA |a UDN50  |b DUT  |c Book  |d 621.3 TR-S  |e available  |t Error 5001 Not defined in file expand_doc_bib_avail.  |f 2  |g 0  |h N  |i 0  |j SH  |k 1 
TYP |a Monograph 
TYP |a Printed language 
980 |a Mạng thư viện Đại học Đà Nẵng